Cities With the Most People Following Each Religion - Statistics

General Stats
  • This quiz has been taken 593 times
  • The average score is 22 of 29
Answer Stats
Religion City # % Correct
Judaism New York City 2.11M
97%
Hinduism Delhi 28.3M
96%
Hinduism Mumbai 21.9M
94%
Atheism Beijing 19.3M
91%
Judaism Jerusalem 993K
89%
Judaism Tel Aviv 3.89M
88%
Atheism Tokyo 23.7M
88%
Islam Jakarta 25.7M
87%
Islam Cairo 21.7M
86%
Christianity Mexico City 22.7M
86%
Atheism Shanghai 37.3M
86%
Hinduism Kolkata 14.2M
83%
Christianity São Paulo 18.2M
83%
Atheism Guangzhou 65.1M
78%
Islam Tehran 16.8M
78%
Buddhism Bangkok 20.6M
77%
Judaism Los Angeles 622K
76%
Islam Karachi 20.3M
75%
Christianity Manila 25.4M
73%
Christianity Lagos 17.7M
72%
Hinduism Bangalore 11.7M
70%
Hinduism Chennai 10.2M
69%
Islam Dhaka 21M
66%
Buddhism Seoul 4.76M
60%
Buddhism Osaka 6.58M
57%
Christianity Kinshasa 15.7M
51%
Judaism Haifa 711K
47%
Buddhism Yangon 5.03M
37%
Atheism Chengdu 16.2M
35%
No matching quizzes found
Score Distribution
Percent of People with Each Score
Percentile by Number Answered
Your Score History
You have not taken this quiz